[Event "Capablanca Memorial op-B 45th"]
[Site "Havana"]
[Date "2011.05.15"]
[Round "5"]
[White "Isidron Marcelo, Guillermo"]
[Black "Fonte Sanchez, Claudia"]
[Result "1/2-1/2"]
[WhiteElo "2090"]
[BlackElo "2008"]
[PlyCount "59"]
[EventDate "2011.05.11"]
[EventType "swiss"]
[EventRounds "7"]
[EventCountry "CUB"]
[SourceTitle "CBM 142 Extra"]
[Source "ChessBase"]
[SourceDate "2011.06.27"]
[SourceVersion "1"]
[SourceVersionDate "2011.06.27"]
[SourceQuality "1"]

1. d4 d5 2. Bf4 c6 3. e3 Bf5 4. Nd2 Nf6 5. c4 e6 6. Qb3 Qb6 7. c5 Qxb3 8. axb3 Nbd7 9. b4 a6 10. h3 Be7 11. Nb3 Bd8 12. Nf3 Rc8 13. Be2 Bc7 14. Bxc7 Rxc7 15. b5 cxb5 16. Bxb5 0-0 17. Bxd7 Nxd7 18. 0-0 f6 19. Rfc1 Bd3 20. Na5 Nb8 21. Ne1 Bb5 22. Nc2 Rfc8 23. Na3 Be8 24. b4 Nc6 25. Nxc6 Bxc6 26. Rcb1 Ra8 27. Rb2 Rcc8 28. Rab1 Bb5 29. Ra1 Bc6 30. Nb1 1/2-1/2